| 000 | 00469nam a2200145 4500 | ||
|---|---|---|---|
| 082 | 0 | 0 |
_a625.7 _bSPE _cL-26,P-4 |
| 110 | 2 |
_aAmerican Association of State Highway Officials. _919665 |
|
| 245 | 1 | 0 | _aAASHO highway definitions. |
| 260 |
_aWashington, _bAmerican Association of State Highway Officials, _c1968. |
||
| 300 |
_avi, 29 p. _c27 cm. |
||
| 526 |
_a0 _b0 _c0 _d625_700000000000000_SPE |
||
| 650 | 0 |
_aMCE _9379 |
|
| 650 | 0 |
_aRoads _xTerminology. _943585 |
|
| 942 |
_2ddc _cBK |
||
| 999 |
_c547384 _d547384 |
||